Managing business rick An organization-wide approach to risk management
Guardat en:
| Autor principal: | |
|---|---|
| Format: | Llibre |
| Idioma: | Undetermined |
| Publicat: |
New York
Amacom
2000
|
| Matèries: | |
| Etiquetes: |
Afegir etiqueta
Sense etiquetes, Sigues el primer a etiquetar aquest registre!
|
| Thư viện lưu trữ: | Trung tâm Học liệu Trường Đại học Cần Thơ |
|---|
| LEADER | 00512nam a2200181Ia 4500 | ||
|---|---|---|---|
| 001 | CTU_49535 | ||
| 008 | 210402s9999 xx 000 0 und d | ||
| 082 | |a 658.155 | ||
| 082 | |b Y75 | ||
| 100 | |a PETER C YOUNG | ||
| 245 | 0 | |a Managing business rick | |
| 245 | 3 | |b An organization-wide approach to risk management | |
| 245 | 0 | |c PETER C YOUNG, Steven C. Tippins | |
| 260 | |a New York | ||
| 260 | |b Amacom | ||
| 260 | |c 2000 | ||
| 650 | |a risk management | ||
| 980 | |a Trung tâm Học liệu Trường Đại học Cần Thơ | ||